Countries that End in S - Statistics

General Stats
  • This quiz has been taken 1,799 times
  • The average score is 13 of 18
Answer Stats
Continent Country % Correct
North America Bahamas
86%
Oceania Marshall Islands
86%
North America Saint Kitts and Nevis
85%
Oceania Solomon Islands
85%
North America Barbados
80%
Africa Seychelles
80%
Africa Comoros
79%
North America Saint Vincent and the Grenadines
79%
Asia Laos
77%
North America Honduras
76%
Asia Maldives
71%
Africa Mauritius
71%
Asia Philippines
71%
Europe Belarus
66%
Europe Netherlands
66%
North America United States
64%
Asia United Arab Emirates
60%
Asia Cyprus
58%
No matching quizzes found
Score Distribution
Percent of People with Each Score
Percentile by Number Answered
Your Score History
You have not taken this quiz